Statistics for All main characters from every nintendo series

Click here to take the quiz!

General Stats

  • This quiz has been taken 74 times
    (56 since last reset)
  • The average score is 10 of 11

Answer Stats

AnswerSeries% Correct
MarioSuper Mario Brothers
100%
Captain ToadCaptain Toad
98%
Donkey KongDonkey Kong
98%
KirbyAdventures of Kirby
98%
LuigiLuigi's Mansion
98%
LinkLegend of Zelda
96%
WarioWarioware
96%
MiiMiitopia
92%
PikachuPokémon
90%
SamusMetroid
90%
VillagerAnimal Crossing
72%

Score Distribution

Percentile by Number Answered

Percent of People with Each Score

Your Score History

You have not taken this quiz since the last reset